000 01179nam a2200277 a 4500
005 20160213020002.0
008 941019s1994 flub b 000 0 spa d
020 _a0964231506
040 _aCSfA
_cCSfA
_dNNM
_dDLC
_dCO-BoIAVH
041 0 _aspa
044 _axxu
082 0 4 _a577.6981
_bS95e
245 0 3 _aEl ecosistema de manglar en América Latina y la cuenca del Caribe :
_bsu manejo y conservacón /
_cDaniel O. Suman, editor.
260 _aMiami, Fla. :
_bRosenstiel School of Marine and Atmospheric Science, Universidad de Miami ;
_aNew York, N.Y. :
_bTinker Foundation,
_c1994.
300 _avi, 263 páginas :
_bmapas ;
_c28 x 22 cm.
500 _aInglés y español.
504 _aIncluye referencias bibliográficas.
650 6 _aEcología de manglares
_zAmérica Latina
650 6 _aEcología de manglares
_zÁrea caribe
650 4 _aConservación de manglares
_zAmérica Latina
650 4 _aConservación de manglares
_zÁrea caribe
700 1 _aSuman, Daniel Oscar,
_d1950-
_eEditor
710 2 _aRosenstiel School of Marine and Atmospheric Science.
710 2 _aTinker Foundation.
942 _2ddc
_cLIBRO
_02
999 _c2102
_d2102